000 00515cam a22001457a 4500
999 _c475673
_d475673
008 180718b1979 xxu||||| |||| 00| 0 eng d
082 _aR153x5413 In2
100 _aMundle, Sudipto
_910330
245 _aBackwardness and bondage: agrarian relations in a south Bihar district
_cby Sudipto Mundle
260 _aNew Delhi
_bIndian Institute of Public Administration
_c1979
300 _a184p.
650 _aCommunity life, Rural - India - Bihar
_910331
650 _aBonded labour - India - Bihar
_910332
942 _2ddc